Central Library OPAC University of Rajshahi

Television simplified / (Record no. 73437)

MARC details
000 -LEADER
fixed length control field 00644nam a2200229 a 4500
001 - CONTROL NUMBER
control field 73437
003 - CONTROL NUMBER IDENTIFIER
rucl marc code BD-RjUL
005 - DATE AND TIME OF LATEST TRANSACTION
control field 20211209082408.0
008 - FIXED-LENGTH DATA ELEMENTS--GENERAL INFORMATION
fixed length control field 170531s1973 njua 001 0 eng
035 ## - SYSTEM CONTROL NUMBER
System control number (BD-RjUL)73655
040 ## - CATALOGING SOURCE
Original cataloging agency DLC
Transcribing agency ORL
Modifying agency OCL
-- UKM
-- EQO
-- BD-RjUL
Language of cataloging eng
041 ## - LANGUAGE CODE
Language code of text/sound track or separate title eng
082 ## - DEWEY DECIMAL CLASSIFICATION NUMBER
Classification number 621.388
Edition number 23
Author mark and year KIT 1962
100 1# - MAIN ENTRY--PERSONAL NAME
Personal name Kiver, Milton Sol,
Dates associated with a name 1918-
9 (RLIN) 217192
245 10 - TITLE STATEMENT
Title Television simplified /
Remainder of title Milton S Kiver
250 ## - EDITION STATEMENT
Edition statement 7th ed.
260 ## - PUBLICATION, DISTRIBUTION, ETC. (IMPRINT)
Place of publication, distribution, etc. Princeton, N.J. :
Name of publisher, distributor, etc. Van Nostrand,
Date of publication, distribution, etc. 1962
300 ## - PHYSICAL DESCRIPTION
Pagination 616 p. :
Illustrations ill. ;
Size 24 cm.
650 #0 - SUBJECT ADDED ENTRY--TOPICAL TERM
Topical term or geographic name as entry element Television.
9 (RLIN) 217193
700 ## - ADDED ENTRY--PERSONAL NAME
Personal name Kaufman, Milton
942 ## - ADDED ENTRY ELEMENTS (KOHA)
Source of classification or shelving scheme Dewey Decimal Classification
Koha item type Books
Holdings
Lost status Source of classification or shelving scheme Damaged status Not for loan Collection code Permanent Location Current Location Shelving location Date acquired Source of acquisition Cost, normal purchase price Total Checkouts Full call number Date last seen Copy number Koha item type
  Dewey Decimal Classification   Not For Loan Non-fiction Central Library, University of Rajshahi Central Library, University of Rajshahi Reading Room 21/09/1979 Zeitlinger 60.00   621.388 KIT 1962 31/05/2017 C-1 Books